Datum a čas kvízu
29
Celkem bodů
Celkový počet nahraných bodů na tomto kvízu bez doplňovacích otázek.
1.
Pořadí na kvízu
Konečné umístění týmu na tomto kvízu.
Zaznamenané odpovědi
| # | Otázka | Odpověď | Body | Výsledky |
|---|---|---|---|---|
| 1. | Státní maturity začaly minulou... | 0 | ||
| 2. | Anglická motoristická žurnalis... | 0 | ||
| 3. | Patrně nejsympatičtější "oškli... | 1 | ||
| 4. | Ministerstvo dopravy vybralo v... | 1 | ||
| 5. | Minulý týden se začala prodáva... | 1 | ||
| 6. | Vzpomeňme v tomto tématu na zř... | 1 | ||
| 7. | Vyberte pravdivé tvrzení o For... | 1 | ||
| 8. | Ze kterého Formanova filmu je... | 1 | ||
| 9. | Jakou větu pronesl v Přeletu n... | 1 | ||
| 10. | V roce 1979 natočil Miloš Form... | 0 |